Catálogo

The good life : (Registro nro. 67082)

Detalles MARC
000 -LEADER
fixed length control field 00786nam a2200253 u 4500
001 - CONTROL NUMBER
control field 67082
005 - DATE AND TIME OF LATEST TRANSACTION
control field 20200803142819.0
008 - FIXED-LENGTH DATA ELEMENTS--GENERAL INFORMATION
fixed length control field 170330s2016 nyua r 000 0 eng d
020 ## - INTERNATIONAL STANDARD BOOK NUMBER
International Standard Book Number 9780190603809
040 ## - CATALOGING SOURCE
Description conventions rda
041 0# - LANGUAGE CODE
Language code of text/sound track or separate title eng
082 0# - DEWEY DECIMAL CLASSIFICATION NUMBER
Classification number 170.44
Item number BIS
100 1# - MAIN ENTRY--PERSONAL NAME
Personal name Bishop, Michael A.,
Relator term autor
9 (RLIN) 4026
245 14 - TITLE STATEMENT
Title The good life :
Remainder of title unifying the philosophy and psychology of well-being /
Statement of responsibility, etc. Michael A. Bishop.
250 ## - EDITION STATEMENT
Edition statement [First edition]
264 #1 - PRODUCTION, PUBLICATION, DISTRIBUTION, MANUFACTURE, AND COPYRIGHT NOTICE
Place of production, publication, distribution, manufacture New York, NY :
Name of producer, publisher, distributor, manufacturer Oxford University Press,
Date of production, publication, distribution, manufacture, or copyright notice 2016
300 ## - PHYSICAL DESCRIPTION
Extent xi, 235 páginas ;
Dimensions 21 cm.
336 ## - CONTENT TYPE
Content type term texto
Source rdacontent
Content type code txt
337 ## - MEDIA TYPE
Media type term sin medio
Source rdamedia
Media type code n
338 ## - CARRIER TYPE
Carrier type term volumen
Source rdacarrier
Carrier type code nc
650 #4 - SUBJECT ADDED ENTRY--TOPICAL TERM
Topical term or geographic name entry element Bienestar
650 #4 - SUBJECT ADDED ENTRY--TOPICAL TERM
Topical term or geographic name entry element Psicología positiva
942 ## - ADDED ENTRY ELEMENTS (KOHA)
Classification part 170.44
Item part BIS
Koha item type Libro
Existencias
Withdrawn status Lost status Source of classification or shelving scheme Damaged status Not for loan Collection code Home library Current library Shelving location Date acquired Source of acquisition Total Checkouts Full call number Barcode Checked out Date last seen Date last checked out Price effective from Koha item type
    Dewey Decimal Classification     Magisterial Biblioteca Karol Wojtyla Biblioteca Karol Wojtyla Módulo de circulación 03/05/2017 Compra 1 170.44 BIS 2016 97593 17/05/2017 17/05/2017 17/05/2017 14/06/2017 Magisterial
    Dewey Decimal Classification     Magisterial Biblioteca Karol Wojtyla Biblioteca Karol Wojtyla Módulo de circulación 30/03/2017 Compra 1 170.44 BIS 2016 97359 17/05/2017 17/05/2017 17/05/2017 14/06/2017 Magisterial